| 000 | 00625nam a2200205 i 4500 | ||
|---|---|---|---|
| 001 | 149234 | ||
| 003 | ES-MaACL | ||
| 005 | 20230906203017.0 | ||
| 007 | t| | ||
| 008 | 071019s1983 sp ||||1| spa d | ||
| 100 | 1 |
_aVegas Latapie, Eugenio. _9113646 |
|
| 245 | 1 | 0 |
_aMemorias políticas _b: el suicidio de la Monarquía y la Segunda República / _cEugenio Vegas Latapie. |
| 250 | _a[1ª ed.]. | ||
| 260 |
_aBarcelona : _bPlaneta, _c1983. |
||
| 300 |
_a327 p. : _bil. ; _c24 cm. |
||
| 490 | 1 | _aEspejo de España | |
| 830 | 0 |
_aEspejo de España _9177692 |
|
| 852 |
_aES-MaACL _jL-11410 _bR.112767 |
||
| 999 |
_c149234 _d149234 |
||